The letters of Paul to Timothy and Titus. (Record no. 5430)
[ view plain ]
| 000 -LEADER | |
|---|---|
| fixed length control field | 00745cam a2200253 4500 |
| 001 - CONTROL NUMBER | |
| control field | 1746433 |
| 003 - CONTROL NUMBER IDENTIFIER | |
| control field | GBCCL |
| 005 - DATE AND TIME OF LATEST TRANSACTION | |
| control field | 20241126110541.0 |
| 008 - FIXED-LENGTH DATA ELEMENTS--GENERAL INFORMATION | |
| fixed length control field | 710127s1970 txu b 000 0 eng |
| 010 ## - | |
| -- | 75133509 |
| 020 ## - INTERNATIONAL STANDARD BOOK NUMBER | |
| International Standard Book Number | 0834400065 |
| 040 ## - CATALOGING SOURCE | |
| Original cataloging agency | DLC |
| Transcribing agency | DLC |
| Modifying agency | DLC |
| 050 00 - | |
| -- | BS2735.3 |
| -- | .S65 |
| 082 00 - DEWEY DECIMAL CLASSIFICATION NUMBER | |
| Classification number | 225.77 |
| -- | 227.83077 |
| Item number | LIV |
| 100 1# - MAIN ENTRY--PERSONAL NAME | |
| Personal name | Spain, Carl. |
| 9 (RLIN) | 9756 |
| 245 14 - TITLE STATEMENT | |
| Title | The letters of Paul to Timothy and Titus. |
| 260 ## - PUBLICATION, DISTRIBUTION, ETC. | |
| Place of publication, distribution, etc. | Austin, Tex., |
| Name of publisher, distributor, etc. | R.B. Sweet Co. |
| Date of publication, distribution, etc. | [1970] |
| 300 ## - PHYSICAL DESCRIPTION | |
| Extent | 192 p. |
| Dimensions | 21 cm. |
| 440 #4 - SERIES STATEMENT/ADDED ENTRY--TITLE | |
| Title | The Living word commentary, |
| Volume/sequential designation | 14 |
| 9 (RLIN) | 9757 |
| 504 ## - BIBLIOGRAPHY, ETC. NOTE | |
| Bibliography, etc. note | Bibliography: p. 17-18. |
| 630 00 - SUBJECT ADDED ENTRY--UNIFORM TITLE | |
| Uniform title | Bible. |
| Name of part/section of a work | Pastoral epistles |
| General subdivision | Commentaries. |
| 9 (RLIN) | 866 |
| 906 ## - LOCAL DATA ELEMENT F, LDF (RLIN) | |
| a | 7 |
| b | cbc |
| c | orignew |
| d | 2 |
| e | ncip |
| f | 19 |
| g | y-gencatlg |
| 942 ## - ADDED ENTRY ELEMENTS (KOHA) | |
| Source of classification or shelving scheme | Dewey Decimal Classification |
| Koha item type | Reference Books |
| Withdrawn status | Lost status | Source of classification or shelving scheme | Damaged status | Not for loan | Home library | Current Library | Shelving location | Date acquired | Total checkouts | Full call number | Barcode | Date last seen | Copy number | Price effective from | Koha item type |
|---|---|---|---|---|---|---|---|---|---|---|---|---|---|---|---|
| Dewey Decimal Classification | GRACE BIBLE COLLEGE | GRACE BIBLE COLLEGE | Commentary | 2018-03-19 | 225.77 LIV | 006724 | 2025-05-01 | v.14 | 2018-03-19 | Reference Books |